Tirol Trivia Multiple Choice - Statistiken

Allgemein
  • Dieses Quiz wurde 48 mal gespielt
  • Das Durchschnittsergebnis liegt bei 12 aus 23
Antwortstatistiken
Frage Antwort % Korrekt
Welcher Politiker musste 2024 aufgrund eines Jagdfotos sein Amt als Landeshauptmannstellvertreter aufgeben? Georg Dornauer
87%
Wie wird die Skistrecke genannt, auf der das Kitzbüheler Hahnenkammrennen stattfindet? Streif
87%
Was für ein Brauch wird jährlich rund um die Sonnenwende praktiziert? Bergfeuer
79%
Was meint ein Ötztaler, wenn er "laiggott" sagt? Den Ausdruck "Um Himmels Willen"
74%
In Terfens gibt es ein Haus, das... kopfüber steht
74%
In Tirol befindet sich die kleinste Stadt Österreichs mit 464 Einwohnern. Wie heißt sie? Rattenberg
74%
In Serfaus befindet sich... die kleinste U-Bahn Europas
68%
Was sagte der damalige Landeshauptmann Günther Platter 2012 im ÖFB-Trainingslager in Seefeld zu Nationalspieler David Alaba? How do you do?
66%
Die Sanierung welcher Brücke fordert 2025 die Nerven vieler Italien-Urlauber? Luegbrücke
66%
Welches sagenumwobene Ereignis ereignete sich an der Martinswand bei Zirl? Kletterunfall von Kaiser Maximilian
63%
Was wird im Volksmund abwertend als "Gelbes Häusl" bezeichnet? Die Psychiatrie in Hall
61%
Welches dieser Gemeindepaare gibt es NICHT? Nieder- und Hochtupfing
58%
In welcher Stadt findet alle vier Jahre das Schemenlaufen statt? Imst
55%
Wo befinden sich die MARTHA-Dörfer? Östlich von Innsbruck
55%
Woher stammt der Name für das Bundesland Tirol? Schloss Tyrol
53%
Was sind die "Saligen Fräulein"? Fabelwesen aus dem Außerfern
39%
In welchem osttiroler Tal wird 600.000 Jahre altes "Heilwasser" verkauft? Defereggental
34%
In welchem Ort befindet sich ein Schlepplift, der Vorrang gegenüber dem Strassenverkehr hat? Navis
34%
Was ist die Katzenmusik im Unterinntal? Absichtlicher Lärm in der Nacht vor der Hochzeit eines Witwers
32%
Woher kommen die Kinder laut einem alten Volksglauben in Tarrenz? Aus dem Bach, wo sie vom Pfarrer gefangen werden
24%
Das einzige erhaltene Porträt welches Herrschers ist im Schloss Ambras in Innsbruck zu finden? Vlad der Pfähler
24%
Welches Tier wurde 2017 am Großglockner auf 3798 Meter Seehöhe entdeckt? Maus
21%
Welchen dieser Berge gibt es wirklich? Mannkopf
18%
Keine übereinstimmenden Quizze gefunden
Verteilung der Resultate
Anzahl Personen mit jedem Resultat
Perzentil nach korrekt beantworteten Fragen
Ihre Resultats-Entwicklung
Sie haben dieses Quiz noch nicht gespielt